| 000 | 00470nam a2200169Ia 4500 | ||
|---|---|---|---|
| 003 | GCL | ||
| 008 | 140319s9999 xx 000 0 ara d | ||
| 040 |
_aGCL / _cGCL |
||
| 082 | 0 | 4 |
_aط _b920.17 _bد س |
| 100 | 1 | _aدار الشرق العربى | |
| 245 | 1 | 0 |
_aسيف الدولة الحمدانى / _cدار الشرق العربى |
| 300 | _a127 | ||
| 490 | _a | ||
| 650 | 0 | 4 | _aالتراجم الذاتية |
| 650 | 0 | 4 | _aالرجال - تراجم |
| 942 |
_2ddc _cBK |
||
| 999 |
_c38766 _d38766 |
||